Diagnóstico de los recursos hídricos y propuesta de tratamiento en la comunidad de Miquilse, municipio de San Lucas, Madrid

Presenta una caracterización y evaluación de parámetros fisicoquímicos y microbiológicos del agua en la comunidad de Miquilse perteneciente a la Micro Región 1 del municipio de Sal Lucas en el departamento de Madriz con el objetivo de evaluar la calidad del agua en dicha comunidad.

Bibliographic Details
Main Author: Matus Calderón, Carlos Raúl
Other Authors: Tutor: García Granados, Indiana
Format: Tesis Section = Libro
Language:Undetermined
Spanish
Published: Managua UNI 2015
Subjects:
LEADER 01114nam a2200253Ia 4500
008 240830s9999 xx 000 0 und d
040 |a CEDOC DACA-RUSB / Mon 628.161 M445 
041 |a spa 
082 |a Mon 628.161 M445 
100 1 |a Matus Calderón, Carlos Raúl 
245 1 0 |a Diagnóstico de los recursos hídricos y propuesta de tratamiento en la comunidad de Miquilse, municipio de San Lucas, Madrid 
260 |a Managua  |b UNI  |c 2015 
300 |a 114 p. : il. 
502 |a Tesis (Ingeniero Químico) -UNI, 2015. 
520 3 |a Presenta una caracterización y evaluación de parámetros fisicoquímicos y microbiológicos del agua en la comunidad de Miquilse perteneciente a la Micro Región 1 del municipio de Sal Lucas en el departamento de Madriz con el objetivo de evaluar la calidad del agua en dicha comunidad. 
650 7 |a CALIDAD DEL AGUA-EVALUACION-NICARAGUA 
650 7 |b  ANALISIS DEL AGUA 
650 7 |c  AGUA-TRATAMIENTO 
650 7 |d  RECURSOS HIDRICOS 
650 7 |e  AGUA-MUESTREO 
700 1 |a Tutor:  |b García Granados, Indiana 
942 |c BK  |2 ddc 
991 |a TESIS 
999 |c 26036